| 000 | 01681nam a2200253Ia 4500 | ||
|---|---|---|---|
| 999 |
_c51826 _d51826 |
||
| 001 | 18821 | ||
| 003 | GE_BSU | ||
| 005 | 20210413141551.0 | ||
| 008 | 181216s2014||||ge |||||||||||||| ||geo|| | ||
| 040 | _cGE_BSU | ||
| 041 | _ageo | ||
| 080 | _a61 შ-48 | ||
| 100 |
_aშენგელია, მედეა _911298 |
||
| 245 |
_aნაღველკენჭოვანი დაავადებების რისკის მარკერები მენოპაუზის პერიოდის ქალებში / _cმედეა შენგელია ; სამეცნ. ხემძღვ.: ნოდარ გოგებაშვილი, თამარ სანიკიძე ; თბილისის სახელმწიფო სამედიცინო უნივერსიტეტი. |
||
| 264 |
_aთბილისი, _c2014. |
||
| 300 |
_a153 გვ. ; _b30 სმ. |
||
| 653 | _aდისერტაცია | ||
| 653 | _aმედიცინა | ||
| 653 | _aნაღველკენჭოვანი დაავადებების რისკის მარკერები მენოპაუზის პერიოდის ქალებში | ||
| 700 |
_aგოგებაშვილი, ნოდარ _eსამეცნიერო ხემძღვანელი _911299 |
||
| 700 |
_aსანიკიძე, თამარ _eსამეცნიერო ხემძღვანელი _911300 |
||
| 710 |
_aთბილისის სახელმწიფო სამედიცინო უნივერსიტეტი. _911301 |
||
| 942 |
_cBK _2udc |
||